Top 10 Dutch Football Transfer Records - Statistics

General Stats
  • This quiz has been taken 280 times
    113 since last reset
  • The average score is 9 of 10
Answer Stats
Rank Name Joined Left Season Fee % Correct
2 Matthijs de Ligt Juventus FC Ajax Amsterdam 19/20 €85.50m
99%
4 Matthijs de Ligt Bayern Munich Juventus FC 22/23 €67.00m
99%
9 Matthijs de Ligt Manchester United Bayern Munich 24/25 €45.00m
99%
3 Virgil van Dijk Liverpool FC Southampton FC 17/18 €84.65m
99%
1 Frenkie de Jong FC Barcelona Ajax Amsterdam 19/20 €86.00m
98%
8 Nathan Aké Manchester City AFC Bournemouth 20/21 €45.30m
86%
7 Xavi Simons RB Leipzig Paris Saint-Germain 24/25 €50.00m
86%
6 Tijjani Reijnders Manchester City AC Milan 25/26 €55.00m
82%
5 Teun Koopmeiners Juventus FC Atalanta BC 24/25 €58.40m
74%
10 Ian Maatsen Aston Villa Chelsea FC 24/25 €44.50m
65%
No matching quizzes found
Score Distribution
Percent of People with Each Score
Percentile by Number Answered
Your Score History
You have not taken this quiz since the last reset